|
|
|
|
| LEADER |
01575nam a2200349 a 4500 |
| 008 |
091231s1998 bg ar i0 eng d |
| 020 |
|
|
|a 9845511430
|
| 040 |
|
|
|a DLC
|c DLC
|d DLC
|d RPB
|d OCoLC
|d NYDWH
|d ICRL
|d BD-DhAAL
|
| 082 |
|
|
|a 312/.09549/23
|2 21
|
| 245 |
0 |
0 |
|a Demographic surveillance system, Matlab :
|b 1996 Socio Economic Census, /
|c Abdur Razzaque...[et..al]
|
| 260 |
|
|
|a Dhaka :
|b International Centre for Diarroheal Disease Research,
|c 1998
|
| 300 |
|
|
|a ix, 72 p. ;
|c 25 cm.
|
| 310 |
|
|
|a Annual
|
| 362 |
0 |
|
|a Vol. 29
|
| 490 |
1 |
|
|a Scientific report No. 83
|
| 541 |
1 |
|
|e 00006259
|
| 651 |
|
0 |
|a Matlab Bāzār Thana (Bangladesh)
|x Statistics, Vital
|v Periodicals.
|
| 650 |
|
0 |
|a Migration, Internal
|z Bangladesh
|z Matlab Bāzār Thana
|v Statistics
|v Periodicals.
|
| 650 |
1 |
7 |
|a DEMOGRAPHIC STATISTICS.
|2 unbist
|
| 650 |
1 |
7 |
|a MORTALITY STATISTICS.
|2 unbist
|
| 650 |
1 |
7 |
|a FERTILITY SURVEYS.
|2 unbist
|
| 650 |
1 |
7 |
|a FAMILY STATISTICS.
|2 unbist
|
| 650 |
1 |
7 |
|a MIGRATION STATISTICS.
|2 unbist
|
| 650 |
1 |
7 |
|a MATLAB (BANGLADESH)
|2 unbist
|
| 650 |
1 |
7 |
|a BANGLADESH.
|2 unbist
|
| 710 |
2 |
|
|a International Centre for Diarrhoeal Disease Research, Bangladesh.
|
| 710 |
2 |
|
|a Cholera Research Laboratory.
|
| 830 |
|
0 |
|a Scientific report (Cholera Research Laboratory)
|
| 830 |
|
0 |
|a Scientific report (International Centre for Diarrhoeal Disease Research, Bangladesh)
|
| 852 |
4 |
|
|a Ayesha Abed Library
|j General shelf
|
| 999 |
|
|
|c 6634
|d 6634
|
| 952 |
|
|
|0 0
|1 0
|2 ddc
|4 0
|6 312_095492300000000_DEM
|7 0
|9 6800
|a BRACUL
|b BRACUL
|c GEN
|d 2010-01-03
|l 0
|o 312.0954923 DEM
|p 3010006259
|r 2010-01-03
|t 1
|w 2010-01-03
|y BK
|